000 00714nam a2200289Ia 4500
005 20260324115358.0
008 008 260324s9999 xx 000 0 eng d
020 _a9781041057260
037 _aEBOOK
040 _aCRL
040 _beng
040 _cCRL
041 _2eng
041 _aeng
084 _qCRL
100 _aTrevor Mutton; Kate Thirlwall; Hazel Hagger; Katharine Burn
_91154435
245 0 _aTeacher Education Partnerships
245 0 _bPolicy and Practice
260 _bTaylor and Francis
260 _c2018
365 _a
365 _b125
856 _uhttp://www.taylorfrancis.com/books/9781041057260
942 _cEBOOK
999 _c1745281
_d1745281